A portrait to Thailand
| Main Author: | |
|---|---|
| Format: | Book |
| Published: |
Nethorlands :
Euredition ,
1994
|
| Subjects: |
MARC
| LEADER | 00000cam a2200000 7i4500 | ||
|---|---|---|---|
| 001 | 0000006380 | ||
| 002 | 000006888 | ||
| 005 | 20000330.0 | ||
| 020 | |a 9075082037 | ||
| 090 | 0 | 0 | |a 959.3014 |b DEV |
| 100 | 1 | |a Devoss, David | |
| 245 | 1 | 2 | |a A portrait to Thailand |c David Devoss |
| 260 | |a Nethorlands : |b Euredition , |c 1994 | ||
| 300 | |a 114p. ; |c 34cm. | ||
| 651 | 0 | |a Thailand |x Description and travel | |
| 651 | 0 | |a Thailand |x Discoveries and exploration | |
| 999 | |a 037987 |b BUKU |c RUJUKAN |e PERPUSTAKAAN KOMUNITI PETALING JAYA | ||